000 00342nam a22001451a 4500
020 _a9789381632093
082 _aS 133.5
_bSIV/M
100 _aShivalochan Jha
245 _aMuhurthachinthamani/
_cby Shivalochan Jha
260 _aNew Delhi:
_bSatyam,
_c2012.
300 _a552p.
650 _aAstrology
650 _aPhilosophy
942 _cBK
999 _c29628
_d29628